000 00807cam a22002771 4500
001 15635
003 BD-RjUL
005 20211208235847.0
008 140210s1963 ilud b 001 0 eng d
035 _a(BD-RjUL)15690
035 _a(OCoLC)1665284
040 _aDLC
_cNmPE
_dDLC
_dBD-RjUL
_beng
041 _aeng
082 0 0 _a658.32
_bBRW 1963
100 1 _aBrennan, Charles W.
_948537
245 1 0 _aWage administration :
_bplans, practices, and principles /
_cCharles W .Brennan
250 _aRev. ed.
260 _aHomewood, Ill. :
_bR. D. Irwin,
_c1963.
300 _a463 p. :
_billus. ;
_c24 cm.
490 0 _aThe Irwin series in management
504 _aIncludes bibliography and Index
650 0 _aWages.
_948538
942 _2ddc
_cBK
999 _c15635
_d15635